000 00570nam a2200205 a 4500
001 BRCA_698
005 20190320203118.0
008 970416s1597 mx-#---###---#000-0#spa-#
041 _aspa
044 _amx
050 4 _aF1230
_b.T47
_c1597
245 1 0 _aTestamento del Fundador Pedro López.
260 _aMéxico
_c1597
300 _a1 v. (sin paginación)
_c28 cm.
440 0 _aSerie Tierras
_v3556 Exp. 4
_92303
500 _aEjemplar engargolado
500 _aPor política no se presta a domicilio
600 1 4 _aLópez, Pedro
_xTestamento
_92304
942 _2lcc
_cB
999 _c604
_d604